01065nam a2200313Ia 450000500170000000800410001702000180005802000150007610000170009124500980010825000180020630000500022449000210027453400280029565000410032365000400036465000370040465000420044170000310048370000430051494200150055726400300057233600270060233700330062933800280066204000350069008400110072599900150073620220317001411.0161108s2004 sp a g 000 0 spa  a9788426133663 a84261336651 aGutman, Anne10aPenélope en la granjacAnne Gutman, Georg Hallensleben ; traducción Anna María Ascolies a1a. edición a[10] páginasbilustraciones en colorc23 cm aUn libro animado tPénélope a la ferme142LEMBaÁlbumes infantiles franceses142LEMBaLiteratura infantil francesa 142LEMBaAnimales en la literatura 142LEMBaLibros ilustrados para niños 1 aHallensleben, Georg9193391 aAscolies, Ana Mariaetraductor 972311 2loccBKLIT aBarcelonabJuventudc2004 atextobtxt2rdacontent asin mediaciónbn2rdamedia avolumenbnc2rdacarrier aCO-BoRNBPbspaerdacCO-BoRNBP aA GUT1 c6868d6868